000 00823cab a2200277 4500
001 ABS51836
008 090401t1994 xxu||||| |||| 00| 0 eng d
035 _a(Sirsi) u46012
041 _aeng
100 _aDeacon, A.
245 _aSeparate representation: is there a silver lining?
260 _c1994
350 _a0
490 _aGuardian Gazette
_v91(43) 23 November 1994, 10(1)
520 _aConsiders the effects of separate representation on conveyancing solicitors and sole practitioners.
650 _aCONVEYANCING SOLICITORS
650 _aCONVEYANCING
650 _aJOINT REPRESENTATION
650 _aLAW SOCIETY
650 _aMORTGAGE LENDERS
650 _aSEPARATE REPRESENTATION
650 _aSOLE PRACTITIONERS
690 _aPROPERTY LAW AND PRACTICE
942 _n0
948 _c04/03/1997
999 _c29111
_d29111